Medzinárodné účtovné štandardy a ich implementácia v bankovníctve

Podstata prechodu na IAS/IFRS. IFRS v Európe. Európske účtovné nariadenie. Schválenie štandardov IFRS pre používanie v Európe.Všeobecný postup pri transformácii účtovných výkazov. Prezentácia účtovných výkazov. Koncepčný rámec pre zostavovanie a predkladanie účtovnej závierky .Zverejňovanie účtovnej...

Celý popis

Uložené v:
Podrobná bibliografia
Hlavný autor: Horvátová, Eva, 1958-
Ďalší autori: Žišková, Petra
Médium: Kapitola
Jazyk:Slovak
Predmet:
Tagy: Pridať tag
Žiadne tagy, Buďte prvý, kto otaguje tento záznam!

MARC

LEADER 00000nla$a2200000$$$4500
001 0070954
005 20240502071841.5
041 0 |a slo 
044 |a SK 
245 1 0 |a Medzinárodné účtovné štandardy a ich implementácia v bankovníctve  |c Eva Horvátová, Petra Žišková 
520 |a Podstata prechodu na IAS/IFRS. IFRS v Európe. Európske účtovné nariadenie. Schválenie štandardov IFRS pre používanie v Európe.Všeobecný postup pri transformácii účtovných výkazov. Prezentácia účtovných výkazov. Koncepčný rámec pre zostavovanie a predkladanie účtovnej závierky .Zverejňovanie účtovnej závierky. Prvá aplikácia medzinárodných štandardov účtovného vykazovania. 
610 2 0 |a štandardy účtovné medzinárodné 
610 2 0 |a bankovníctvo 
610 2 0 |a závierka účtovná 
610 2 0 |a výkazy účtovné 
610 2 0 |a harmonizácia 
610 2 0 |a Slovensko 
610 2 0 |a Európska únia 
100 1 |a Horvátová, Eva, 1958- 
700 1 |a Žišková, Petra